[Event "Messina op 2nd"]
[Site "Messina"]
[Date "2012.08.29"]
[Round "4"]
[White "Quattrone, Andrea"]
[Black "Russo, Alfio"]
[Result "0-1"]
[WhiteElo "1820"]
[BlackElo "1905"]
[PlyCount "166"]
[EventDate "2012.08.27"]
[EventType "swiss"]
[EventRounds "8"]
[EventCountry "ITA"]
[SourceTitle "EXT 2014"]
[Source "ChessBase"]
[SourceDate "2013.11.20"]
[SourceVersion "1"]
[SourceVersionDate "2013.11.20"]
[SourceQuality "1"]

1. e4 g6 2. d4 Bg7 3. c4 d6 4. Nc3 Nf6 5. h3 0-0 6. Nf3 c5 7. d5 e6 8. Be2 exd5 9. exd5 Re8 10. 0-0 Ne4 11. Nxe4 Rxe4 12. Bd3 Re8 13. Re1 Bd7 14. Rxe8+ Bxe8 15. Qb3 Qb6 16. Qxb6 axb6 17. Bf4 Na6 18. Bxd6 Nb4 19. Bf1 Bxb2 20. Re1 Bf6 21. g4 g5 22. Be7 Bxe7 23. Rxe7 h6 24. d6 Bc6 25. Ne5 Rd8 26. Nxf7 Ra8 27. Nxh6+ Kf8 28. Nf5 Nxa2 29. Bg2 Nb4 30. Bxc6 bxc6 31. Rh7 Ra1+ 32. Kg2 Nd3 33. Rh8+ Kf7 34. d7 Nf4+ 35. Kf3 Ra3+ 36. Ne3 Ne6 37. Re8 Rd3 38. Ke4 Rxd7 39. Rb8 b5 40. cxb5 cxb5 41. Rxb5 c4 42. Rf5+ Kg6 43. Ke5 Nd4 44. Rf6+ Kg7 45. Nd5 c3 46. Ra6 c2 47. Ra1 Nb3 48. Re1 c1Q 49. Rxc1 Nxc1 50. Ke6 Rf7 51. Ne3 Rf6+ 52. Ke7 Rxf2 53. Nd5 Re2+ 54. Kd6 Nd3 55. Ne7 Nf4 56. Nf5+ Kf6 57. Ng3 Rd2+ 58. Kc6 Rc2+ 59. Kd6 Nxh3 60. Kd5 Nf2 61. Kd4 Nxg4 62. Kd3 Ra2 63. Ke4 Ra4+ 64. Kf3 Ne5+ 65. Kf2 g4 66. Nh5+ Kg6 67. Ng3 Ra2+ 68. Kf1 Nd3 69. Ne4 Kf5 70. Nc3 Rc2 71. Nd5 Rc1+ 72. Ke2 Nf4+ 73. Kd2 Nxd5 74. Ke2 Kf4 75. Kd2 Ra1 76. Ke2 Ra8 77. Kf2 Rg8 78. Kg2 g3 79. Kf1 g2+ 80. Kg1 Ne3 81. Kf2 g1Q+ 82. Ke2 Qd1+ 83. Kf2 Rg2# 0-1

[Event "Messina op 2nd"]
[Site "Messina"]
[Date "2012.08.27"]
[Round "1"]
[White "Quattrone, Andrea"]
[Black "Cappadona, Salvatore"]
[Result "1/2-1/2"]
[WhiteElo "1820"]
[BlackElo "2081"]
[PlyCount "90"]
[EventDate "2012.08.27"]
[EventType "swiss"]
[EventRounds "8"]
[EventCountry "ITA"]
[SourceTitle "EXT 2014"]
[Source "ChessBase"]
[SourceDate "2013.11.20"]
[SourceVersion "1"]
[SourceVersionDate "2013.11.20"]
[SourceQuality "1"]

1. e4 Nc6 2. d4 d5 3. exd5 Qxd5 4. Nf3 e5 5. Nc3 Bb4 6. Bd2 Bxc3 7. Bxc3 e4 8. Ne5 Nxe5 9. dxe5 Ne7 10. b3 Be6 11. Qxd5 Nxd5 12. Bb2 0-0 13. 0-0-0 e3 14. g3 exf2 15. Rd3 Nb4 16. Rd4 c5 17. Rxb4 cxb4 18. Bg2 Rab8 19. Rf1 Rfd8 20. Rxf2 Rd7 21. Be4 Rbd8 22. Bd3 a5 23. Kd2 h6 24. Ke3 b6 25. Bb5 Rd1 26. Bd3 Re1+ 27. Re2 Rxe2+ 28. Kxe2 a4 29. Ke3 axb3 30. axb3 Kf8 31. Bd4 Rb8 32. Ke4 Ke7 33. Be3 h5 34. Bd2 f5+ 35. Kf4 g6 36. Bxb4+ Kf7 37. Bd6 Rc8 38. h4 Rc3 39. Bb4 Rc8 40. Bd6 Bd5 41. Kg5 Be6 42. Kf4 Rd8 43. Kg5 Rd7 44. Kf4 Ra7 45. Kg5 Rd7 1/2-1/2

[Event "Salerno op"]
[Site "Salerno "]
[Date "2012.01.29"]
[Round "6"]
[White "Colucci, Stefano"]
[Black "Quattrone, Andrea"]
[Result "1/2-1/2"]
[WhiteElo "1895"]
[BlackElo "1790"]
[PlyCount "77"]
[EventDate "2012.01.27"]
[EventType "swiss"]
[EventRounds "6"]
[EventCountry "ITA"]
[SourceTitle "EXT 2014"]
[Source "ChessBase"]
[SourceDate "2013.11.20"]
[SourceVersion "1"]
[SourceVersionDate "2013.11.20"]
[SourceQuality "1"]

1. e4 Nf6 2. e5 Nd5 3. d4 d6 4. c4 Nb6 5. exd6 cxd6 6. Nc3 g6 7. Be3 Bg7 8. Rc1 0-0 9. b3 Nc6 10. Nf3 f5 11. Qd2 Rf7 12. c5 dxc5 13. dxc5 Bxc3 14. Qxc3 Nd5 15. Qb2 Nxe3 16. fxe3 Qa5+ 17. Kf2 f4 18. Bc4 fxe3+ 19. Ke2 e6 20. Rhf1 b5 21. Bd3 Nb4 22. Kxe3 Nxd3 23. Kxd3 b4 24. Ke3 Ba6 25. Rfd1 Qc7 26. Ne5 Rf5 27. Rd6 Qg7 28. Rxe6 Qh6+ 29. Kd4 Rd8+ 30. Rd6 Rxd6+ 31. cxd6 Rxe5 32. Qf2 Re2 33. Rc8+ Bxc8 34. Qxe2 Qg7+ 35. Kc5 Qc3+ 36. Kd5 Bb7+ 37. Ke6 Bc8+ 38. Kd5 Bb7+ 39. Ke6 1/2-1/2

[Event "Salerno op"]
[Site "Salerno "]
[Date "2012.01.28"]
[Round "4"]
[White "Varvaglione, Antonio"]
[Black "Quattrone, Andrea"]
[Result "1-0"]
[WhiteElo "2008"]
[BlackElo "1790"]
[PlyCount "71"]
[EventDate "2012.01.27"]
[EventType "swiss"]
[EventRounds "6"]
[EventCountry "ITA"]
[SourceTitle "EXT 2014"]
[Source "ChessBase"]
[SourceDate "2013.11.20"]
[SourceVersion "1"]
[SourceVersionDate "2013.11.20"]
[SourceQuality "1"]

1. e4 c6 2. d4 d5 3. exd5 cxd5 4. c4 dxc4 5. Bxc4 e6 6. Nf3 Nf6 7. 0-0 Be7 8. Nc3 0-0 9. Re1 a6 10. Bb3 b5 11. Bc2 Bb7 12. Bg5 b4 13. Bxf6 Bxf6 14. Qd3 g6 15. Ne4 Bg7 16. h4 Nd7 17. h5 Nf6 18. Nxf6+ Qxf6 19. hxg6 fxg6 20. Bb3 Bd5 21. Bxd5 exd5 22. Qb3 Qd6 23. Qe3 Rae8 24. Qxe8 Rxe8 25. Rxe8+ Kf7 26. Rae1 Bf6 27. Rc8 Qf4 28. Ne5+ Kg7 29. Rc7+ Kh6 30. Rf7 Qd2 31. Re3 Bxe5 32. dxe5 d4 33. Rh3+ Kg5 34. Rg3+ Kh6 35. f4 g5 36. Rf6+ 1-0

[Event "Palmi op 5th"]
[Site "Palmi"]
[Date "2012.01.03"]
[Round "3"]
[White "Gangemi, Salvatore"]
[Black "Quattrone, Andrea"]
[Result "1-0"]
[WhiteElo "2085"]
[BlackElo "1790"]
[PlyCount "63"]
[EventDate "2012.01.02"]
[EventType "swiss"]
[EventRounds "9"]
[EventCountry "ITA"]
[SourceTitle "CBM 146 Extra"]
[Source "ChessBase"]
[SourceDate "2012.02.29"]
[SourceVersion "1"]
[SourceVersionDate "2012.02.29"]
[SourceQuality "1"]

1. c4 Nf6 2. Nf3 e6 3. g3 d5 4. Bg2 c6 5. d4 dxc4 6. Ne5 Nbd7 7. Nxc4 Nb6 8. Ne5 Bd6 9. 0-0 Bxe5 10. dxe5 Qxd1 11. Rxd1 Nfd7 12. f4 f6 13. exf6 gxf6 14. e4 e5 15. b3 exf4 16. gxf4 Nc5 17. Bb2 Rg8 18. Kf2 Bg4 19. Rd6 Bh3 20. Bf3 f5 21. Nc3 fxe4 22. Nxe4 Nxe4+ 23. Bxe4 Ke7 24. Rh6 Be6 25. Rxh7+ Ke8 26. Bf6 Bd5 27. Re1 Kf8 28. Bg5 Rxg5 29. fxg5 Bf7 30. g6 Bg8 31. Rxb7 Nc8 32. g7+ 1-0

[Event "St Eufemia d'Aspromonte op-B 4th"]
[Site "St Eufemia d'Aspromonte"]
[Date "2011.01.05"]
[Round "7"]
[White "Quattrone, Andrea"]
[Black "Attina, Rodolfo"]
[Result "0-1"]
[WhiteElo "1557"]
[BlackElo "1386"]
[PlyCount "98"]
[EventDate "2011.01.02"]
[EventType "swiss"]
[EventRounds "8"]
[EventCountry "ITA"]
[SourceTitle "EXT 2013"]
[Source "ChessBase"]
[SourceDate "2012.11.22"]
[SourceVersion "1"]
[SourceVersionDate "2012.11.22"]
[SourceQuality "1"]

1. e4 e6 2. d3 c5 3. Nf3 Be7 4. g3 Nc6 5. Be3 Bf6 6. Bc1 d6 7. Bg2 Qb6 8. c3 Nge7 9. Nbd2 d5 10. 0-0 0-0 11. Re1 Ng6 12. a3 Nge5 13. Nxe5 Nxe5 14. Nf3 Rd8 15. exd5 Nxf3+ 16. Bxf3 exd5 17. Bxd5 Bh3 18. Be4 g6 19. Qc2 Bg7 20. Bf4 Re8 21. Re2 Re7 22. Rae1 Rae8 23. Bh1 Be6 24. Bd5 Kf8 25. Bh1 Bf5 26. Be3 Qd6 27. Rd2 b6 28. Qd1 Kg8 29. Bg2 Bh6 30. Ree2 Bxe3 31. fxe3 Rxe3 32. Rxe3 Rxe3 33. d4 Qe7 34. Kf1 Be4 35. Qg4 Bxg2+ 36. Kxg2 cxd4 37. cxd4 Re4 38. Qf3 Re3 39. Qd1 Qe4+ 40. Kh3 Qd5 41. Rf2 Re4 42. Rd2 h5 43. Qg1 Qe6+ 44. Kg2 h4 45. d5 h3+ 46. Kh1 Qf5 47. Qd1 Qe5 48. Rg2 Re1+ 49. Rg1 Qe4+ 0-1

[Event "Costa Viola op 3rd"]
[Site "St Eufemia d'Aspromonte"]
[Date "2010.01.04"]
[Round "5"]
[White "Quattrone, Andrea"]
[Black "Minucci, Veronica"]
[Result "1/2-1/2"]
[WhiteElo "1440"]
[BlackElo "1389"]
[PlyCount "73"]
[EventDate "2010.01.02"]
[EventType "swiss"]
[EventRounds "7"]
[EventCountry "ITA"]
[SourceTitle "EXT 2011"]
[Source "ChessBase"]
[SourceDate "2010.11.26"]
[SourceVersion "1"]
[SourceVersionDate "2010.11.26"]
[SourceQuality "1"]

1. d4 d5 2. c4 e6 3. Nc3 Bb4 4. cxd5 Bxc3+ 5. bxc3 Qxd5 6. Qd3 b5 7. e4 Qd7 8. Qxb5 Qxb5 9. Bxb5+ c6 10. Bd3 Ne7 11. Nf3 0-0 12. 0-0 f5 13. exf5 exf5 14. Re1 Re8 15. Ba3 c5 16. Bxc5 Nbc6 17. Rab1 Bd7 18. Ne5 Nd5 19. Bc4 Nxe5 20. dxe5 Be6 21. Bd4 Rec8 22. Bxd5 Bxd5 23. Rb5 Bxa2 24. Ra1 a6 25. Rb7 Rab8 26. Rxb8 Rxb8 27. Re1 Bc4 28. f4 Re8 29. Ra1 h6 30. Ra4 Bb5 31. Rb4 g5 32. c4 Bc6 33. Rb6 Be4 34. Rxa6 Rd8 35. Rd6 Rxd6 36. exd6 Bc6 37. g3 1/2-1/2

[Event "Costa Viola op 3rd"]
[Site "St Eufemia d'Aspromonte"]
[Date "2010.01.02"]
[Round "1"]
[White "Quattrone, Andrea"]
[Black "Zampaglione, Davide"]
[Result "0-1"]
[WhiteElo "1440"]
[BlackElo "1644"]
[PlyCount "67"]
[EventDate "2010.01.02"]
[EventType "swiss"]
[EventRounds "7"]
[EventCountry "ITA"]
[SourceTitle "EXT 2011"]
[Source "ChessBase"]
[SourceDate "2010.11.26"]
[SourceVersion "1"]
[SourceVersionDate "2010.11.26"]
[SourceQuality "1"]

1. e4 d6 2. d4 Nf6 3. Nc3 c6 4. Bg5 Nbd7 5. e5 dxe5 6. dxe5 Nxe5 7. Qxd8+ Kxd8 8. 0-0-0+ Ke8 9. Bxf6 exf6 10. Re1 Kd8 11. f4 Ng6 12. Nge2 Kc7 13. h3 Bb4 14. g3 Re8 15. Bg2 Be6 16. Rhf1 Bc4 17. Bf3 Bxc3 18. Nxc3 Bxf1 19. Rxf1 Re3 20. Nd1 Re7 21. Bg4 Rae8 22. Rf3 Re1 23. Rd3 Rd8 24. Re3 Rdxd1+ 25. Bxd1 Rxe3 26. Bh5 Rxg3 27. f5 Rg5 28. fxg6 fxg6 29. h4 Rxh5 30. a4 Kd6 31. c4 Kc5 32. Kc2 Kxc4 33. b3+ Kb4 34. Kb2 0-1